| 000 | 00381cam a2200169ua 4500 | ||
|---|---|---|---|
| 020 | _c3.00 | ||
| 041 |
_ahin _h |
||
| 082 |
_a891.54 _bYAT/SU |
||
| 100 | _aYathendra, . | ||
| 245 | _aSudhan aur presudhan | ||
| 260 |
_aVaranasi : _bHindi Pracharak Pusthakalayam , _c1962. |
||
| 300 | _a158 ; . | ||
| 365 | _a3.00 | ||
| 504 | _a | ||
| 942 | _cBK | ||
| 999 |
_c12487 _d12487 |
||